000 00569nam a2200193Ia 4500
001 15063
003 GE_BSU
008 181216s||||||||xx |||||||||||||| ||und||
040 _cGE_BSU
080 _a51
100 _aВасильев,Н.Б. Егоров,А.А.
245 _aЗадачи всесоюзных математических олимпиад
260 _aМосква
260 _bНаука
260 _c1988
300 _a284стр.20см.
653 _aЗадачи всесоюзных математических олимпиад
942 _cBK
999 _c48181
_d48181